Úrady práce vlani umiestnili 130-tisíc nezamestnaných

Počet nezamestnaných a počet umiestnených uchádzačov o zamestnanie na Slovensku v r. 1995. Vývoj počtu nezamestnaných absolventov škôl. Pokles miery nezamestnanosti oproti r. 1994.

Salvato in:
Dettagli Bibliografici
Autore principale: Kovalčík, J.
Natura: Capitolo di libro
Lingua:slovacco
Soggetti:
Tags: Aggiungi Tag
Nessun Tag, puoi essere il primo ad aggiungerne!!

MARC

LEADER 00000naa a2200000 4500
001 r019429
005 20230921074420.5
041 0 |a slo 
044 |a SK 
245 1 0 |a Úrady práce vlani umiestnili 130-tisíc nezamestnaných  |c J. Kovalčík 
520 |a Počet nezamestnaných a počet umiestnených uchádzačov o zamestnanie na Slovensku v r. 1995. Vývoj počtu nezamestnaných absolventov škôl. Pokles miery nezamestnanosti oproti r. 1994. 
610 2 0 |a Slovensko 
610 2 0 |a nezamestnanosť 
610 2 0 |a údaje štatistické 
610 2 0 |a 1995 
100 1 |a Kovalčík, J.